PROCESS PLANT LAYOUT AND PIPING DESIGN (Registro nro. 52972)
[ vista simple ]
| 000 -LEADER | |
|---|---|
| fixed length control field | 00948nam a2200181 a 4500 |
| 001 - CONTROL NUMBER | |
| control field | 52972 |
| 005 - DATE AND TIME OF LATEST TRANSACTION | |
| control field | 20180714043030.0 |
| 008 - FIXED-LENGTH DATA ELEMENTS--GENERAL INFORMATION | |
| fixed length control field | 140415s1993 xxu 000 0 eng d |
| 020 ## - INTERNATIONAL STANDARD BOOK NUMBER | |
| International Standard Book Number | 0131386298 |
| 041 ## - LANGUAGE CODE | |
| Language code of text/sound track or separate title | eng |
| 082 ## - DEWEY DECIMAL CLASSIFICATION NUMBER | |
| Classification number | 660 |
| Item number | PRO |
| 245 00 - TITLE STATEMENT | |
| Title | PROCESS PLANT LAYOUT AND PIPING DESIGN |
| 250 ## - EDITION STATEMENT | |
| Edition statement | 1a ed. |
| 260 ## - PUBLICATION, DISTRIBUTION, ETC. | |
| Place of publication, distribution, etc. | ESTADOS UNIDOS DE AMERICA : |
| Name of publisher, distributor, etc. | PRENTICE HALL INC., |
| Date of publication, distribution, etc. | 1993 |
| 300 ## - PHYSICAL DESCRIPTION | |
| Extent | 641 |
| Dimensions | 21.6 x 2.6 x 27.9 |
| 520 ## - SUMMARY, ETC. | |
| Summary, etc. | ED BAUSBACHER AND ROGER HUNT DRAW ON MORE THAN 70 YEARS OF EXPERIENCE AS PPLANT LAYOUT DESIGNERS TO OFTER READERS TRIED- AND. TRU METHODS ANS RULES OF THUMB FOR PLANT LAYOUT AND PIPING DESIGN. BECAUSE PLANT LAYOUT AND PPING DESIGNERS MUST TRASLATE A TWO- DIMENSIONAL PROCESS FLOW DIAGRAM IN TO PHYSICAL PLANT IN THEE DIMENSIONS, THIS INDISPENSABLE REFERENCE WILL HELP DESIGNERS IN YHECRUCIAL TASK OF EQUIPMENT AND PIPING CONFIGURATIONS. |
| 650 14 - SUBJECT ADDED ENTRY--TOPICAL TERM | |
| Topical term or geographic name entry element | INGENIERIA QUIMICA |
| General subdivision | DISTRIBUCION EN PLANTA |
| Withdrawn status | Lost status | Source of classification or shelving scheme | Damaged status | Not for loan | Collection code | Home library | Current library | Shelving location | Date acquired | Source of acquisition | Inventory number | Total Checkouts | Full call number | Barcode | Date last seen | Date last checked out | Price effective from | Koha item type |
|---|---|---|---|---|---|---|---|---|---|---|---|---|---|---|---|---|---|---|
| Dewey Decimal Classification | General | Biblioteca Karol Wojtyla | Biblioteca Karol Wojtyla | Sala general | 03/12/2013 | Compra | 151000000000000000030498 | 2 | 660 PRO | 78724 | 05/01/2026 | 25/05/2019 | 03/12/2013 | Libro |